Biggest City of Each Roman Province with a Map - Statistics

General Stats
  • This quiz has been taken 956 times
  • The average score is 14 of 51
Answers on the Map
Answers color-coded by a green-red scale on the quiz's map according to % correct below.
 
Answer Stats
Province Population Cities % Correct
Italia 1.0m Roma (Rome)
98%
Brittania 37k Londinium (London)
95%
Aegyptus 400k Alexandria
84%
Asia 85k Alexandria Troas (Dalyan)
84%
Thracia 35k Byzantium (Istanbul)
79%
Gallia Lugdunensis 50k Lugdunum (Lyon)
75%
Sicilia 85k Syracusae (Syracuse)
69%
Macedonia 70k Thessalonica (Thessaloniki)
69%
Syria 200k Antiochia ad Orontem (Antakya)
51%
Achaia 65k Corinthus (Corinth)
51%
Hispania Baetica 19k Corduba (Córdoba)
50%
Sardinia et Corsica 17k Caralis (Cagliari)
49%
Galatia 24k Ancyra (Ankara)
45%
Gallia Narbonensis 43k Narbo Martius (Narbonne)
35%
Hispania Tarraconensis 12k Tarraco (Tarragona)
34%
Cappadocia 10k Trapezus (Trabzon)
32%
Lusitania 15k Augusta Emerita (Mérida)
25%
Assyria 100k Ctesiphon (Salman Pak)
25%
Mauretania Caesariensis 38k Caesarea Mauretaniae (Cherchell)
24%
Bosporan Kingdom 29k Panticapaeum (Kerch)
24%
Iudaea 125k Caesarea Maritima (Caesarea)
23%
Dalmatia 30k Iader (Zadar)
23%
Bithynia et Pontus 34k Nicomedia (İzmit)
23%
Raetia 11k Augusta Vindelicorum (Augsburg)
22%
Africa 125k Leptis Magna (Al-Khums)
20%
Germania Superior 20k Mogontiacum (Mainz)
20%
Gallia Belgica 38k Ambianorum (Amiens)
18%
Cyprus 20k Paphus (Paphos)
17%
Mesopotamia 225k Seleucia ad Tigrim
15%
Elymais 10k Susa (Shush)
13%
Alpes Cottiae ~600 Segusio (Susa)
12%
Epirus 41k Nicopolis (Preveza)
11%
Mauretania Tingitana 6k Volubilis (Meknes)
11%
Pannonia Inferior 14k Sirmium (Sremska Mitrovica)
8%
Germania Inferior 15k Colonia Ulpia Traiana (Xanten)
7%
Gallia Aquitania 26k Mediolanum Santorum (Saintes)
7%
Dacia 17k Apulum (Alba Iulia)
5%
Pannonia Superior 9k Carnuntum (Petrozell-Carnuntum)
5%
Moesia Inferior 8k Olbia (Parutyne)
5%
Armenia ~10k? Artaxata (Artashat)
4%
Creta et Cyrenae 55k Ptolemais (Tolmeita)
4%
Characene 10k Charax Spasinu (Al-Bubsairy)
3%
Arabia Petraea 16k Gerasa (Jerash)
3%
Lycia et Pamphylia 20k Myra (Demre)
2%
Noricum 15k Ovilava (Wels)
2%
Cilicia 34k Anazarbus (Dilekkaya)
1%
Alpes Poeninae 3k Civitas Vallensium Octodurus (Martigny)
1%
Albania 3k Gabala (Qabala)
1%
Moesia Superior 10k Margum (Dubravica)
1%
Iberia 3k Mtskheta
1%
Alpes Maritimae 3k Pedona (Borgo San Dalmazzo)
1%
No matching quizzes found
Score Distribution
Percent of People with Each Score
Percentile by Number Answered
Your Score History
You have not taken this quiz